[Event "XV Coppa"]
[Site "Sinnai ITA"]
[Date "2012.11.25"]
[Round "6"]
[White "Arrigo, Andrea"]
[Black "Serra, Emanuele"]
[WhiteElo "1546"]
[BlackElo "1858"]
[Result "0-1"]
[PlyCount "194"]
[EventDate "2012.11.17"]

1. Nf3 f5 2. d4 Nf6 3. Bg5 e6 4. c4 d5 5. Nc3 c6 6. e3 Bd6 7. c5 Be7 8. Bd3 O-O
9. O-O Bd7 10. Qc2 Be8 11. Ne5 Nbd7 12. Nxd7 Qxd7 13. Bf4 h6 14. h3 g5 15. Be5
Bg6 16. g3 Qe8 17. Kg2 Rc8 18. Bxf6 Rxf6 19. Rh1 Bh5 20. Rh2 Qf7 21. Rah1 Kg7
22. h4 Rh8 23. hxg5 hxg5 24. Be2 Rfh6 25. Bxh5 Rxh5 26. Rxh5 Rxh5 27. Rxh5 Qxh5
28. Qe2 g4 29. Qf1 Qg5 30. Ne2 Bf6 31. Nf4 Kf7 32. Qh1 e5 33. Qh7+ Qg7 34.
Qxg7+ Bxg7 35. Ne2 Ke6 36. Kf1 Bf6 37. Ke1 Bd8 38. a3 Bc7 39. Kd2 b6 40. b4 e4
41. Nf4+ Bxf4 42. gxf4 b5 43. Ke2 Kf6 44. Kf1 Kg6 45. Kg2 Kh5 46. Kg3 a6 47.
Kh2 Kh4 48. Kg2 g3 49. fxg3+ Kg4 50. Kf2 Kh3 51. g4 fxg4 52. f5 Kh2 53. f6 g3+
54. Ke2 g2 55. f7 g1=Q 56. f8=Q Qg2+ 57. Ke1 Kg1 58. Qf4 Qf3 59. Qg5+ Kh2 60.
Qh6+ Kg2 61. Kd2 Qf2+ 62. Kd1 Kf1 63. Qh3+ Qg2 64. Qh6 Qe2+ 65. Kc1 Ke1 66.
Qxc6 Qxe3+ 67. Kb2 Qxd4+ 68. Ka2 Qc4+ 69. Kb2 Kd1 70. Qh6 Qc2+ 71. Ka1 Qc3+ 72.
Ka2 e3 73. Qh1+ Kd2 74. Qxd5+ Kc2 75. Qe4+ Kd1 76. Qh1+ Kd2 77. Qd5+ Ke1 78.
Qh1+ Kf2 79. Qh2+ Kf3 80. Qh3+ Ke4 81. Qg4+ Kd5 82. Qf5+ Qe5 83. Qd3+ Ke6 84.
Qg6+ Kd7 85. Qf7+ Qe7 86. Qd5+ Kc7 87. Qf3 e2 88. Qg3+ Kd7 89. Qe1 Qf7+ 90. Kb2
Qf1 91. Qd2+ Kc8 92. c6 Qd1 93. Qf4 e1=Q 94. Qf8+ Qd8 95. Qf5+ Kc7 96. Qf4+ Qd6
97. Qf7+ Qee7 0-1

[Event "XV Coppa"]
[Site "Sinnai ITA"]
[Date "2012.11.25"]
[Round "6"]
[White "Carucci, Bruno"]
[Black "Pannella, Maria Cristina"]
[WhiteElo "1520"]
[BlackElo "1449"]
[Result "1-0"]
[PlyCount "120"]
[EventDate "2012.11.17"]

1. d4 e6 2. e4 d5 3. exd5 exd5 4. Nf3 Nc6 5. Nc3 Nf6 6. Bf4 Bb4 7. a3 Ba5 8.
Bd3 Bg4 9. O-O Nxd4 10. Re1+ Ne6 11. h3 Bh5 12. g4 Bg6 13. Bxg6 hxg6 14. Ng5
Qd7 15. Qe2 Bxc3 16. bxc3 Ne4 17. Nxe6 fxe6 18. c4 Nc5 19. cxd5 Qxd5 20. Rad1
Qc6 21. Kh2 O-O 22. Qe5 Rf7 23. Rd2 Raf8 24. Bg3 Rf6 25. f4 Nd7 26. Qd4 Rd8 27.
h4 Rff8 28. Qe3 Nc5 29. Rd4 Rxd4 30. Qxd4 Nd7 31. Qd3 Kf7 32. Re4 Nf6 33. Rc4
Rd8 34. Rxc6 Rxd3 35. Rxc7+ Rd7 36. Rxd7+ Nxd7 37. Bf2 a6 38. Kg3 e5 39. Be3
Kf6 40. Kf3 Nf8 41. Ke4 exf4 42. Bd4+ Kf7 43. Kxf4 Ne6+ 44. Ke5 Nxd4 45. Kxd4
Kf6 46. Kd5 g5 47. h5 Kf7 48. Kd6 g6 49. hxg6+ Kxg6 50. Ke6 b5 51. c3 a5 52.
Ke5 Kh6 53. Kf6 a4 54. Kf5 Kg7 55. Kxg5 Kf7 56. Kh6 Kg8 57. g5 Kh8 58. Kg6 Kg8
59. Kf6 Kf8 60. g6 Kg8 1-0

[Event "XV Coppa"]
[Site "Sinnai ITA"]
[Date "2012.11.25"]
[Round "6"]
[White "Corona, Rafaele"]
[Black "Mallo', Danilo"]
[WhiteElo "1647"]
[BlackElo "1888"]
[Result "1-0"]
[PlyCount "31"]
[EventDate "2012.11.17"]

1. d4 Nf6 2. e3 c5 3. c3 d5 4. Bd3 Nc6 5. f4 Qa5 6. Nd2 Bd7 7. Ngf3 cxd4 8.
exd4 e6 9. Qe2 Bd6 10. Ne5 Ne7 11. Ndf3 a6 12. Ng5 O-O 13. Nxd7 Nxd7 14. Bxh7+
Kh8 15. Qh5 Nf6 16. Qh4 1-0

[Event "XV Coppa"]
[Site "Sinnai ITA"]
[Date "2012.11.25"]
[Round "6"]
[White "Dessy, Eugenio"]
[Black "Pannella, Antonello"]
[WhiteElo "1647"]
[BlackElo "1536"]
[Result "0-1"]
[PlyCount "65"]
[EventDate "2012.11.17"]

1. Nf3 f5 2. c4 Nf6 3. d4 e6 4. Nc3 Bb4 5. Bd2 Nc6 6. g3 O-O 7. Bg2 Rb8 8. O-O
b6 9. a3 Bxc3 10. bxc3 Na5 11. c5 Bb7 12. cxb6 cxb6 13. Bf4 Rc8 14. Bd6 Re8 15.
Bb4 Nc4 16. a4 Ne4 17. Ne5 Nxe5 18. dxe5 Nxc3 19. Qd3 Bxg2 20. Kxg2 Nd5 21. Bd6
Rc3 22. Qa6 Qa8 23. Kg1 Rec8 24. Qb5 Qb7 25. a5 a6 26. Qa4 R3c4 27. Qb3 b5 28.
f3 Rc3 29. Qb1 Qa7+ 30. Kh1 Ne3 31. Bb4 Rc2 32. Re1 Qc7 33. f4 0-1

[Event "XV Coppa"]
[Site "Sinnai ITA"]
[Date "2012.11.25"]
[Round "6"]
[White "Erriu, Giampiero"]
[Black "Depau, Alessandro"]
[WhiteElo "1704"]
[BlackElo "1686"]
[Result "1/2-1/2"]
[PlyCount "82"]
[EventDate "2012.11.17"]

1. c4 Nf6 2. Nf3 c6 3. Nc3 d5 4. cxd5 cxd5 5. g3 Nc6 6. d4 Bf5 7. a3 Rc8 8. Bg2
e6 9. O-O Be7 10. Bg5 O-O 11. e3 Na5 12. Nh4 Bg6 13. Nxg6 fxg6 14. Qe2 Nc4 15.
Bh3 Qb6 16. Na4 Qc6 17. Nc3 h6 18. Bxf6 Rxf6 19. e4 Re8 20. exd5 exd5 21. Rae1
Rd6 22. Bg2 Nb6 23. Nb5 Rdd8 24. Nxa7 Qd7 25. Qe6+ Qxe6 26. Rxe6 Nc4 27. Rfe1
Kf7 28. R6e2 Kf8 29. Nb5 Bf6 30. Rxe8+ Rxe8 31. Rxe8+ Kxe8 32. b4 Nb6 33. Nc7+
Kd7 34. Nxd5 Nxd5 35. Bxd5 b5 36. Bb3 Bxd4 37. a4 Kc6 38. Bc2 g5 39. Bg6 Kb6
40. Be8 bxa4 41. Bxa4 Bc3 1/2-1/2

[Event "XV Coppa"]
[Site "Sinnai ITA"]
[Date "2012.11.25"]
[Round "6"]
[White "Giannoni, Federico"]
[Black "Boi, Fausto"]
[WhiteElo "1820"]
[BlackElo "1774"]
[Result "0-1"]
[PlyCount "74"]
[EventDate "2012.11.17"]

1. e4 e5 2. Nf3 d6 3. d4 Nf6 4. Nc3 Nbd7 5. Bc4 Be7 6. O-O O-O 7. h3 a6 8. a4
Rb8 9. Be3 b6 10. Qe2 a5 11. d5 Bb7 12. Bb5 Qc8 13. Qc4 Ne8 14. g4 Nef6 15. Ne2
Nc5 16. Ng3 h5 17. Nf5 Bd8 18. Ng5 hxg4 19. Bxc5 bxc5 20. h4 Nxd5 21. Qe2 Nf4
22. Qxg4 g6 23. Ne3 Qxg4+ 24. Nxg4 f6 25. Bc4+ Kg7 26. Ne6+ Nxe6 27. Bxe6 Bxe4
28. Bb3 c6 29. Ne3 d5 30. f3 Bf5 31. Nxf5+ gxf5 32. Rab1 c4 33. Ba2 Bb6+ 34.
Kh2 Kf7 35. c3 Rh8 36. Kh3 f4 37. b3 Rbg8 0-1

[Event "XV Coppa"]
[Site "Sinnai ITA"]
[Date "2012.11.25"]
[Round "6"]
[White "Mereu, Matteo"]
[Black "Onnis, Luca"]
[WhiteElo "1926"]
[BlackElo "1653"]
[Result "1-0"]
[PlyCount "67"]
[EventDate "2012.11.17"]

1. d4 d5 2. e4 dxe4 3. Nc3 Nf6 4. f3 exf3 5. Nxf3 Bf5 6. Bf4 e6 7. Bd3 Bg6 8.
Qe2 Bd6 9. Bg5 Bxd3 10. Qxd3 O-O 11. O-O-O a5 12. g4 c6 13. h4 b5 14. Ne4 Be7
15. Bxf6 Bxf6 16. Nfg5 g6 17. Nxf6+ Qxf6 18. Ne4 Qf4+ 19. Kb1 Na6 20. Rdf1 Qc7
21. Nf6+ Kg7 22. h5 Rh8 23. h6+ Kf8 24. Rf2 Ke7 25. Rhf1 Raf8 26. Qe3 Qd6 27.
Qg5 Kd8 28. Nxh7+ Qe7 29. Qxe7+ Kxe7 30. Nxf8 Rxf8 31. g5 Nb4 32. h7 Kd6 33.
Rxf7 Rh8 34. Rh1 1-0

[Event "XV Coppa"]
[Site "Sinnai ITA"]
[Date "2012.11.25"]
[Round "6"]
[White "Palmieri, Roberto"]
[Black "Lobina, Giulio"]
[WhiteElo "1865"]
[BlackElo "1823"]
[Result "1-0"]
[PlyCount "121"]
[EventDate "2012.11.17"]

1. e4 e6 2. d4 d5 3. e5 c5 4. c3 Nc6 5. Nf3 a6 6. Be2 h6 7. O-O b5 8. Be3 c4 9.
b3 Na5 10. b4 Nc6 11. a4 Bb7 12. Na3 Na7 13. axb5 Nxb5 14. Nxb5 axb5 15. Qc2
Be7 16. Ra2 Rxa2 17. Qxa2 Bg5 18. Qa7 Bc8 19. Bxg5 hxg5 20. h3 Nh6 21. Qc5 Bd7
22. Ra1 Nf5 23. Nxg5 Ne7 24. Bg4 O-O 25. Nf3 Ng6 26. Ra7 Re8 27. Qd6 Re7 28.
Rb7 Qe8 29. h4 Bc8 30. Rxe7 Qxe7 31. Qxe7 Nxe7 32. Ng5 Ng6 33. g3 Nf8 34. Bh5
f6 35. Bf7+ Kh8 36. Nf3 Bd7 37. g4 Kh7 38. Kg2 Ng6 39. Bxg6+ Kxg6 40. Kg3 Kf7
41. Kf4 Kg6 42. h5+ Kh6 43. Nh4 Be8 44. Kg3 Bf7 45. f4 Be8 46. f5 Bf7 47. Kf4
Bg8 48. Ng6 Bf7 49. Nf8 exf5 50. Kxf5 fxe5 51. Kxe5 Kg5 52. Ne6+ Bxe6 53. Kxe6
Kxg4 54. Kxd5 Kxh5 55. Kc6 g5 56. d5 g4 57. d6 g3 58. d7 g2 59. d8=Q Kg4 60.
Qd1+ Kg3 61. Qg1 1-0

[Event "XV Coppa"]
[Site "Sinnai ITA"]
[Date "2012.11.25"]
[Round "6"]
[White "Pannella, Luigi"]
[Black "Cuccu, Giovanni"]
[WhiteElo "1487"]
[BlackElo "1428"]
[Result "1-0"]
[PlyCount "48"]
[EventDate "2012.11.17"]

1. e4 d5 2. exd5 Nf6 3. Nc3 Nxd5 4. Bc4 Nxc3 5. bxc3 Nc6 6. Nf3 Bf5 7. O-O e5
8. Re1 Bg4 9. Nxe5 Bxd1 10. Nxc6+ Be7 11. Nxd8 Bxc2 12. Nxb7 Ba4 13. Ba3 Kd7
14. Rxe7+ Kc6 15. Na5+ Kb6 16. Nb3 Bxb3 17. axb3 Rad8 18. Re5 Rxd2 19. Rb5+ Kc6
20. Rc5+ Kb6 21. Bb4 Rc2 22. Raa5 Rc1+ 23. Bf1 Re8 24. Rab5+ Ka6 1-0

[Event "XV Coppa"]
[Site "Sinnai ITA"]
[Date "2012.11.25"]
[Round "6"]
[White "Toniolo, Massimo"]
[Black "Giordano, Giulia"]
[WhiteElo "1738"]
[BlackElo "1619"]
[Result "1-0"]
[PlyCount "81"]
[EventDate "2012.11.17"]

1. e4 c5 2. Nf3 d6 3. d4 cxd4 4. Nxd4 Nf6 5. Nc3 a6 6. Bg5 e6 7. Qd2 Be7 8.
O-O-O Nc6 9. Bxf6 gxf6 10. Bc4 Nxd4 11. Qxd4 b5 12. Bb3 Bb7 13. f3 Rg8 14. g4
Bc6 15. Rhg1 a5 16. a3 Qb8 17. Ne2 e5 18. Qd3 a4 19. Bd5 Bxd5 20. Qxd5 b4 21.
axb4 a3 22. Qc6+ Kf8 23. bxa3 Rxa3 24. c3 Qa7 25. Kd2 Ra2+ 26. Kd3 Qf2 27. Ng3
Qxf3+ 28. Kc4 Rc2 29. Rd3 Qf2 30. Nf5 d5+ 31. Kxd5 Bd8 32. Qd7 Qb6 33. Qd6+
Qxd6+ 34. Kxd6 Rxh2 35. Kd7 Rxg4 36. Rxg4 Rd2 37. Rxd2 h6 38. Kxd8 h5 39. Rg7
h4 40. Kc8 h3 41. Rd8# 1-0